2025-2026 Houston Texans Roster - Statistics

General Stats
  • This quiz has been taken 51 times
  • The average score is 23 of 51
Answer Stats
Position Name % Correct
Quarterback C.J. Stroud
100%
Quarterback Davis Mills
92%
Wide Receiver Nico Collins
92%
Running Back Jo’quavious Marks
83%
Running Back Nick Chubb
83%
Tight End Dalton Schultz
81%
Cornerback Derek Stingley Jr.
81%
Defensive Lineman Will Anderson Jr.
72%
Linebacker Azeez Al-Shaair
69%
Linebacker Henry To’oTo’o
69%
Safety Jalen Pitre
69%
Cornerback Kamari Lassiter
69%
Wide Receiver Christian Kirk
67%
Wide Receiver Jaylin Noel
67%
Defensive Lineman Danielle Hunter
64%
Wide Receiver Jayden Higgins
64%
Placekicker Ka’imi Fairbairn
64%
Punter Tommy Townsend
58%
Tight End Cade Stover
56%
Safety Calen Bullock
50%
Wide Receiver Xavier Hutchinson
50%
Quarterback Graham Mertz
47%
Defensive Lineman Sheldon Rankins
47%
Offensive Lineman Aireontae Ersery
44%
Running Back Jawhar Jordan
44%
Linebacker E.J. Speed
42%
Running Back Dare Ogunbowale
39%
Offensive Lineman Juice Scruggs
39%
Offensive Lineman Trent Brown
36%
Safety Jaylen Reed
33%
Cornerback Tremon Smith
33%
Offensive Lineman Ed Ingram
31%
Offensive Lineman Tytus Howard
31%
Wide Receiver Braxton Berrios
28%
Running Back British Brooks
25%
Linebacker Christian Harris
25%
Defensive Lineman Denico Autry
25%
Offensive Lineman Blake Fisher
22%
Defensive Lineman Derek Barnett
19%
Tight End Harrison Bryant
19%
Offensive Lineman Jake Andrews
19%
Wide Receiver Justin Watson
19%
Cornerback Myles Bryant
19%
Defensive Lineman Tommy Togiai
19%
Defensive Lineman Naquan Jones
17%
Defensive Lineman Dylan Horton
14%
Cornerback Alijah Huzzie
11%
Long Snapper Austin Brinkman
11%
Linebacker Jamal Hill
11%
Offensive Lineman Jarrett Kingston
8%
Linebacker Damone Clark
6%
No matching quizzes found
Score Distribution
Percent of People with Each Score
Percentile by Number Answered
Your Score History
You have not taken this quiz